000 00749nam a2200253 a 4500
001
003 OCoLC
005 20220218100203.0
008 081204s2015 dr a 000 0 spa d
020 _a9789945165487
040 _aDO-SdBNP
_bspa
_cBPMSU
082 _a617
_bP515a, 2015
_222
100 1 _aPeynado Castillo, Héctor Rafael
245 1 0 _aApuntes de cirugía general /
_cHéctor R. Peynado C.
250 _a3a ed.
260 _aSanto Domingo :
_bBúho,
_c2013
300 _a364 p. :
_bil. ;
_c23 cm.
500 _aIncluye datos biográficos del autor en la solapa de la cubierta
504 _aBibliografía : 563-565
590 _aInventariado,2022/VM
650 4 _aCirugía operatoria.
910 _aVMateo V.
942 _2ddc
_cBK
999 _c14043
_d14043